| 000 | 00586nam a2200205 a 4500 | ||
|---|---|---|---|
| 005 | 20140310183429.0 | ||
| 008 | 071206s19uu xx uuu eng d | ||
| 020 | _a9780071107259 | ||
| 050 |
_aQE 28.2 _b.P58 2007 |
||
| 100 | _aPlummer, Charles C. | ||
| 245 |
_aPhysical geology / _cCharles C. Plummer. |
||
| 250 | _a11th ed. | ||
| 260 |
_aU.S.A : _bMcGraw-Hill Companies, Inc, _c2007. |
||
| 300 |
_a617 p. : _bcol. ill. ; _c27 cm. |
||
| 650 |
_aPhysical geology. _xTextbook. |
||
| 700 | _aCarlson, Diane H. | ||
| 700 | _aMcGeary David | ||
| 942 |
_cBK _2lcc _kFOR |
||
| 999 |
_c22698 _d22698 |
||